000 00444nam a2200133Ia 4500
008 231129s1973||||xx |||||||||||||| ||spa||
040 _bspa
082 _a158.2 V432t [EN PROCESO DE DESCARTE] Ej.2
100 _aVela Jesus Andres
245 0 _aTecnicas y practica de las relaciones humanas: la experiencia vivencial de la dinamina de grupos
260 _c1973
264 _aBogotá (Colombia): Indo-American Press Service
942 _2ddc
_cBKS
999 _c25103
_d25103